| 000 | 01594nam a22003857a 4500 | ||
|---|---|---|---|
| 003 | CHAP | ||
| 005 | 20220329143137.0 | ||
| 008 | 060728s2006 mx r 00010 spa d | ||
| 010 | _a92489 | ||
| 011 | _a93461 | ||
| 020 | _a9680202402 | ||
| 035 | _a104035 | ||
| 040 | _cCHAP | ||
| 082 | 0 | 0 |
_a612.01421 _bG6 2005 |
| 245 | 0 | 0 |
_aPar biomagnético, biomagnetismo médico y bioenergética, experiencias de curación : _baño 2005 _c/editado por Isaac Goiz Durán, Guillermo Mendoza Castelán y Pedro Mendoza Castelán |
| 260 |
_aChapingo, Méx. : _bUACH. Programa Universitario de Medicina Tradicional y Terapéutica Naturista, _c2006 |
||
| 300 | _a2 v. | ||
| 590 |
_aBATCH-UPD _b10 _c20130110 _lUCH01 _h0937 |
||
| 590 |
_aBATCH-UPD _b10 _c20130410 _lUCH01 _h0554 |
||
| 590 |
_aBATCH-UPD _b10 _c20130914 _lUCH01 _h0639 |
||
| 590 |
_aCONVERSION _b10 _c20130109 _lUCH01 _h1351 |
||
| 650 | 1 | 4 |
_aBioenergética. _912730 |
| 650 | 1 | 4 |
_aBiomagnetismo. _912824 |
| 650 | 1 | 4 |
_aMedicina física. _973918 |
| 700 | 0 |
_aMendoza Castelán, Guillermo _e, ed. _974621 |
|
| 700 | 0 |
_aMendoza Castelán, Pedro _e, ed. _974622 |
|
| 700 | 1 |
_aGoiz Durán, Isaac. _948530 |
|
| 901 | _aBK | ||
| 905 | _aLilia | ||
| 942 | _cLIBRO | ||
| 949 |
_a612.01421 G6 2005 _bBC _cLIBRO _d33724002060264 _eLIBRO _fv.1 c2 _gDonaciØn _h109636 _i104035 _sb |
||
| 949 |
_a612.01421 G6 2005 _bBC _cLIBRO _d33724002060330 _eLIBRO _f2005 v.2 c.2 _h109837 _i104035 _sb |
||
| 949 |
_a612.01421 G6 2005 _bBC _cUACH _d33724000990552 _eUACH _f2005 v.1 _h108096 _i104035 _sb |
||
| 949 |
_a612.01421 G6 2005 _bBC _cUACH _d33724000990610 _eUACH _f2005 v.2 _h108097 _i104035 _sb |
||
| 999 |
_c92489 _d92489 |
||